Handbook of hydraulic resistance (Record no. 60920)

000 -LEADER
fixed length control field 00731nam a22001937a 4500
003 - CONTROL NUMBER IDENTIFIER
control field NUST-PNEC
005 - DATE AND TIME OF LATEST TRANSACTION
control field 20170116180710.0
008 - FIXED-LENGTH DATA ELEMENTS--GENERAL INFORMATION
fixed length control field 141003b xxu||||| |||| 00| 0 eng d
020 ## - INTERNATIONAL STANDARD BOOK NUMBER
International Standard Book Number 8179921182
040 ## - CATALOGING SOURCE
Transcribing agency PNEC
082 ## - DEWEY DECIMAL CLASSIFICATION NUMBER
Classification number 620.1064 IDE
100 ## - MAIN ENTRY--PERSONAL NAME
9 (RLIN) 510
Personal name Idelchik, I.E.
245 ## - TITLE STATEMENT
Title Handbook of hydraulic resistance
Statement of responsibility, etc. I. E. Idelchik
260 ## - PUBLICATION, DISTRIBUTION, ETC.
Place of publication, distribution, etc. Mumbai : Jaico Pub. House ; New York, N.Y. :
Name of publisher, distributor, etc. Published in arrangement with Begell House, Inc.,
Date of publication, distribution, etc. c2003.
300 ## - PHYSICAL DESCRIPTION
Extent 790 pages :
Other physical details illustrations ;
Dimensions 25 cm
500 ## - GENERAL NOTE
General note Includes Index http://www.amazon.com/Handbook-Hydraulic-Resistance-I-E-Idelchik/dp/8179921182/ref=sr_1_1?s=books&ie=UTF8&qid=1412309335&sr=1-1&keywords=8179921182
650 ## - SUBJECT ADDED ENTRY--TOPICAL TERM
General subdivision ME
942 ## - ADDED ENTRY ELEMENTS (KOHA)
Source of classification or shelving scheme
Koha item type Book
Holdings
Withdrawn status Lost status Source of classification or shelving scheme Damaged status Not for loan Permanent Location Current Location Shelving location Date acquired Source of acquisition Cost, normal purchase price Total Checkouts Full call number Barcode Date last seen Cost, replacement price Price effective from Koha item type
          Pakistan Navy Engineering College (PNEC) Pakistan Navy Engineering College (PNEC) Reference 11/19/2004 Pak Book Corporation 2441.25   620.1064 IDE PNECLIB-026254 10/03/2014 2441.25 11/19/2004 Book
© 2023 Central Library, National University of Sciences and Technology. All Rights Reserved.